Macias - SEPPUKU EXTENDED - Statystyki

Ogólne statystyki
  • Ten quiz został rozwiązany 5 razy
  • Średni wynik to 15 z 25
Statystyki odpowiedzi
SEPPUKU EXTENDED % Poprawnych
ALE BEKA, ALE HECA
100%
INTRODESTRUKCJA
100%
MONEY
100%
ROZCHWYTYWANY
100%
SPORT I ADRENALINA
100%
WISTERIE
100%
AKWARELE
67%
JAK MAM
67%
JEDNO SŁOWO ZA DALEKO
67%
KARMA
67%
NPC
67%
PERSPEKTYWY
67%
YAMI SUKEHIRO (RARARA)
67%
BĘDZIE LEPIEJ
33%
BEZAPELACYJNIE
33%
CZARNE MYŚLI
33%
FRED PERRY
33%
NIE ROZUMIEM
33%
NIKO NIKO (SKIT)
33%
SPACER
33%
TĘTNO
33%
WE MNIE WPATRZENI WSZYSCY
33%
WSZYSTKO PRZYCHODZI ŁATWO
33%
ZACZEPKI
33%
ŻADEN BARAN
33%
Nie znaleziono quizów pasujących do podanych kryteriów
Rozkład punktacji
Procent ludzi z każdym wynikiem
Percentyl według liczby udzielonych odpowiedzi
Twoja historia wyników
Nie rozwiązałeś tego quizu